000
00318nam a22001337a 4500
008
171002b xxu||||| |||| 00| 0 eng d
020
_a
9780801305702
041
_a
eng
080
_a
37
100
_a
47
101
_a
EDU
245
_a
FIRST LATIN A LANGUAGE DISCOVERY PROGRAM
_c
POLSKY.M
942
_2
udc
_c
BK
999
_c
31161
_d
31161